Cultures and organizations (Record no. 4914)

MARC details
000 -CABECERA
campo de control de longitud fija 03054nam a2200433 i 4500
001 - NÚMERO DE CONTROL
campo de control 991107462561506196
005 - FECHA Y HORA DE LA ÚLTIMA TRANSACCIÓN
campo de control 20250908075411.0
006 - CÓDIGOS DE INFORMACIÓN DE LONGITUD FIJA--CARACTERÍSTICAS DEL MATERIAL ADICIONAL
campo de control de longitud fija m o d |
007 - CAMPO FIJO DE DESCRIPCIÓN FÍSICA--INFORMACIÓN GENERAL
campo de control de longitud fija cr#cn|||||||||
008 - DATOS DE LONGITUD FIJA--INFORMACIÓN GENERAL
campo de control de longitud fija 201105s2010 nyua ob 001 0 eng d
020 ## - NÚMERO INTERNACIONAL ESTÁNDAR DEL LIBRO
Número Internacional Estándar del Libro 9780071770156
020 ## - NÚMERO INTERNACIONAL ESTÁNDAR DEL LIBRO
Número Internacional Estándar del Libro 9786612961250
020 ## - NÚMERO INTERNACIONAL ESTÁNDAR DEL LIBRO
Número Internacional Estándar del Libro 9780071770156 (ebook)
035 ## - NÚMERO DE CONTROL DEL SISTEMA
Número de control de sistema (CKB)2670000000066318
035 ## - NÚMERO DE CONTROL DEL SISTEMA
Número de control de sistema (MiAaPQ)EBC4658311
035 ## - NÚMERO DE CONTROL DEL SISTEMA
Número de control de sistema (MiAaPQ)EBC6262353
035 ## - NÚMERO DE CONTROL DEL SISTEMA
Número de control de sistema (PPN)254347592
035 ## - NÚMERO DE CONTROL DEL SISTEMA
Número de control de sistema (EXLCZ)992670000000066318
040 ## - FUENTE DE LA CATALOGACIÓN
Centro catalogador/agencia de origen MiAaPQ
Lengua de catalogación eng
Normas de descripción rda
-- pn
Centro/agencia transcriptor MiAaPQ
Centro/agencia modificador MiAaPQ
041 ## - CÓDIGO DE LENGUA
Código de lengua del texto/banda sonora o título independiente English
100 ## - ENTRADA PRINCIPAL--NOMBRE DE PERSONA
Nombre de persona Hofstede, Geert
Fechas asociadas al nombre 1928-
Término indicativo de función/relación author.
245 10 - MENCIÓN DE TÍTULO
Título Cultures and organizations
Resto del título : software of the mind
Mención de responsabilidad, etc. / Geert Hofstede, Gert Jan Hofstede, Michael Minkov.
250 ## - MENCIÓN DE EDICIÓN
Mención de edición Third edition.
264 #1 - PRODUCCIÓN, PUBLICACIÓN, DISTRIBUCIÓN, FABRICACIÓN Y COPYRIGHT
Producción, publicación, distribución, fabricación y copyright New York :
Nombre del de productor, editor, distribuidor, fabricante McGraw-Hill,
Fecha de producción, publicación, distribución, fabricación o copyright 2010.
300 ## - DESCRIPCIÓN FÍSICA
Extensión xiv, 561 p. :
Otras características físicas ill.
504 ## - NOTA DE BIBLIOGRAFÍA, ETC.
Nota de bibliografía, etc. Includes bibliographical references and indexes.
505 0# - NOTA DE CONTENIDO CON FORMATO
Nota de contenido con formato The concept of culture — The rules of the social game — Studying cultural differences — Dimensions of national cultures — More equal than others — I, we, and they — He, she, and (s)he — What is different is dangerous — Yesterday, now or later? — Light or dark? — Cultures in organizations — Pyramids, machines, markets, and families: organizing across nations — The elephant and the stork: organizational cultures — Implications — Intercultural encounters — The evolution of cultures.
520 ## - SUMARIO, ETC.
Sumario, etc. The revolutionary study of how the place where wegrew up shapes the way we think, feel, and act--with new dimensions and perspectives Based on research conducted in more than seventy countries over a forty-year span, Cultures and Organizations examines what drives people apart-when cooperationis so clearly in everyone's interest. With major new contributions from MichaelMinkov's analysis of data from the World Values Survey, as well as an account ofthe evolution of cultures by Gert Jan Hofstede, this revised and expanded edition: Reveals the "moral circles" from which national societiesare built and the unexamined rules by which people think, feel, and act Explores how national cultures differ in the areas of inequality, assertiveness versus modesty, and tolerance for ambiguity Explains how organizational cultures differ from nationalcultures-and how they can be managed Analyzes stereotyping, differences in language, cultural rootsof the 2008 economic crisis, and other intercultural dynamics.
650 #0 - PUNTO DE ACCESO ADICIONAL DE MATERIA--TÉRMINO DE MATERIA
Término de materia o nombre geográfico como elemento de entrada Cultural pluralism.
9 (RLIN) 6148
650 #0 - PUNTO DE ACCESO ADICIONAL DE MATERIA--TÉRMINO DE MATERIA
Término de materia o nombre geográfico como elemento de entrada Organization
Subdivisión general Research
9 (RLIN) 6145
650 #0 - PUNTO DE ACCESO ADICIONAL DE MATERIA--TÉRMINO DE MATERIA
Término de materia o nombre geográfico como elemento de entrada National characteristics.
9 (RLIN) 325
650 #0 - PUNTO DE ACCESO ADICIONAL DE MATERIA--TÉRMINO DE MATERIA
Término de materia o nombre geográfico como elemento de entrada International cooperation
9 (RLIN) 6146
650 #0 - PUNTO DE ACCESO ADICIONAL DE MATERIA--TÉRMINO DE MATERIA
Término de materia o nombre geográfico como elemento de entrada Intercultural communication
9 (RLIN) 332
650 #0 - PUNTO DE ACCESO ADICIONAL DE MATERIA--TÉRMINO DE MATERIA
Término de materia o nombre geográfico como elemento de entrada Ethnopsychology
9 (RLIN) 6147
700 ## - ENTRADA AGREGADA--NOMBRE PERSONAL
Nombre de persona Minkov, Michael
Término indicativo de función/relación author.
9 (RLIN) 6150
700 ## - ENTRADA AGREGADA--NOMBRE PERSONAL
Nombre de persona Hofstede, Geert
Término indicativo de función/relación author.
9 (RLIN) 6151
856 ## - LOCALIZACIÓN Y ACCESO ELECTRÓNICOS
Identificador Uniforme del Recurso <a href="https://bibliotheque.tbs-education.fr/Default/doc/SYRACUSE/3391544/cultures-and-organizations-software-of-the-mind-intercultural-cooperation-and-its-importance-for-sur">https://bibliotheque.tbs-education.fr/Default/doc/SYRACUSE/3391544/cultures-and-organizations-software-of-the-mind-intercultural-cooperation-and-its-importance-for-sur</a>
942 ## - ELEMENTOS DE ENTRADA AGREGADA (KOHA)
Fuente del sistema de clasificación o colocación Clasificación de Library of Congress
Holdings
Estado de retiro Estado de pérdida Fuente del sistema de clasificación o colocación Estado dañado No para préstamo Biblioteca de origen Biblioteca actual Fecha de adquisición Total de préstamos Fecha visto por última vez Número de copia Identificador Uniforme del Recurso Precio válido a partir de Tipo de ítem Koha Nota pública
    Clasificación de Library of Congress     TBS Barcelona TBS Barcelona 08/09/2025   08/09/2025 1 https://bibliotheque.tbs-education.fr/Default/doc/SYRACUSE/3391544/cultures-and-organizations-software-of-the-mind-intercultural-cooperation-and-its-importance-for-sur 08/09/2025 eBook ebook

Powered by Koha